000 01203nam a22003377i 4500
003 DO-SdBNP
005 20230913145905.0
007 ta
008 210902b2018 dr ||||| |||| 00| 0 spa d
020 _a‎9781718960404
040 _aDO-SdBNP
_bspa
_cBNPHU
_erda
082 4 _aRD861.5
_bM375d
_222
100 1 _aMarte, Belkis M.
_979573
_eautora
245 1 0 _aDe ti depende el color de la noche =
_cBelkis M. Martes ; translated by Edgar Smith.
246 _aYou choose the color of the night.
264 _a[s. l.] :
_bCreateSpace Independent Publishing Platform,
_c2018.
300 _a134 páginas ;
_c23 cm.
336 _2rdacontent
_atexte
_btxt
337 _2rdamedia
_asin mediación
_bn
338 _2rdacarrier a) volumen b) nc
_avolumen
_bnc
490 _aBilingüe/ Bilingual
500 _aIncluye datos biográficos de la autora en la contracubierta.
500 _aTítulo en español e inglés
590 _aInventariado, 2021 /LP
650 4 _aPoesía dominicana
650 4 _aLiteratura dominicana
700 1 _aSmith, Edgar,
_etraductor
_976076
830 0 _aBilingüe/ Bilingual
_980872
910 _aLopérez/Validado. Control de calidad MFF
942 _2ddc
_cLBS1
999 _c50385
_d50385